Manual del ingeniero civil (Record no. 130527)

MARC details
000 -LEADER
fixed length control field 01277nam a22003257a 4500
005 - DATE AND TIME OF LATEST TRANSACTION
control field 20240816083458.0
008 - FIXED-LENGTH DATA ELEMENTS--GENERAL INFORMATION
fixed length control field 230302b mx ||||| |||| 00| 0 spa d
020 ## - INTERNATIONAL STANDARD BOOK NUMBER
International Standard Book Number 9684516126 (o. c.)
020 ## - INTERNATIONAL STANDARD BOOK NUMBER
International Standard Book Number 9684516136 (v. 1)
020 ## - INTERNATIONAL STANDARD BOOK NUMBER
International Standard Book Number 9684516142 (v. 2)
020 ## - INTERNATIONAL STANDARD BOOK NUMBER
International Standard Book Number 9684516150 (v. 3)
020 ## - INTERNATIONAL STANDARD BOOK NUMBER
International Standard Book Number 0070415102
050 04 - LIBRARY OF CONGRESS CALL NUMBER
Classification number TA151
Item number M47 1984
100 1# - MAIN ENTRY--PERSONAL NAME
Personal name Merritt, Frederick S.
240 10 - UNIFORM TITLE
Uniform title Standard handbook for civil engineers.
Language of a work Español.
245 10 - TITLE STATEMENT
Title Manual del ingeniero civil
Statement of responsibility, etc / Frederick S. Merritt ; traducción Felipe Castro Navarrete ... [et al] ; revisión técnica Guillermo Alejandre Leal ... [et al].
250 ## - EDITION STATEMENT
Edition statement 2a ed.
260 ## - PUBLICATION, DISTRIBUTION, ETC. (IMPRINT)
Place of publication, distribution, etc México :
Name of publisher, distributor, etc McGraw-Hill de México,
Date of publication, distribution, etc 1984.
300 ## - PHYSICAL DESCRIPTION
Extent 3 v. :
Other physical details il. ;
Dimensions 24 cm.
500 ## - GENERAL NOTE
General note 2a edición en español traducido de la 2a edición en inglés
504 ## - BIBLIOGRAPHY, ETC. NOTE
Bibliography, etc Incluye bibliografía e índice
650 #7 - SUBJECT ADDED ENTRY--TOPICAL TERM
Source of heading or term lemb
Topical term or geographic name as entry element Ingeniería civil
Form subdivision Manuales
700 1# - ADDED ENTRY--PERSONAL NAME
Personal name Castro Navarrete, Felipe,
Relator term traductor
700 1# - ADDED ENTRY--PERSONAL NAME
Personal name Noriega, Francisco G.,
Relator term traductor
700 1# - ADDED ENTRY--PERSONAL NAME
Personal name Ling Altamirano, Federico,
Relator term traductor
700 1# - ADDED ENTRY--PERSONAL NAME
Personal name Alejandre Leal, Guillermo,
Relator term revisor técnico
700 1# - ADDED ENTRY--PERSONAL NAME
Personal name Hernández García, Mateo,
Relator term revisor técnico
700 1# - ADDED ENTRY--PERSONAL NAME
Personal name Ulloa Robles, Ignacio,
Relator term revisor técnico
942 ## - ADDED ENTRY ELEMENTS (KOHA)
Source of classification or shelving scheme Biblioteca del Cogreso de los Estados Unidos
Koha item type Libro
Holdings
Estado de pérdida Fuente de clasificación Estado del daño No para préstamo Ubicación permanente Ubicación actual Apartado o colección Fecha de adquisición Edición Enumeración de Serie / Cronológica Área del conocimiento Total Checkouts Clasificación Código de Barras Date last seen Número de copia Costo por reposición Tipo de recurso Fuente de adquisición
  Biblioteca del Cogreso de los Estados Unidos     Biblioteca de la Facultad de Arquitectura Biblioteca de la Facultad de Arquitectura Consulta 02/03/2023 2a ed. V.1 Ingeniería y Tecnología   TA151 M47 r1985 BFA000005651 02/03/2023 1 1.00 Libro  
  Biblioteca del Cogreso de los Estados Unidos     Biblioteca de la Facultad de Arquitectura Biblioteca de la Facultad de Arquitectura Consulta 02/03/2023 2a ed. V.2 Ingeniería y Tecnología   TA151 M47 r1985 BFA000005652 02/03/2023 1 1.00 Libro  
  Biblioteca del Cogreso de los Estados Unidos     Biblioteca de la Facultad de Arquitectura Biblioteca de la Facultad de Arquitectura Consulta 02/03/2023 2a ed. V.3 Ingeniería y Tecnología   TA151 M47 r1985 BFA000005653 02/03/2023 1 1.00 Libro  
  Biblioteca del Cogreso de los Estados Unidos     Biblioteca de la Facultad de Ingeniería Civil Biblioteca de la Facultad de Ingeniería Civil Consulta 23/11/2023 2a ed. V:1 Ingeniería y Tecnología   TA151 M47 1984 BIC000000808 23/11/2023 1 1.00 Libro Donación
  Biblioteca del Cogreso de los Estados Unidos     Biblioteca de la Facultad de Ingeniería Civil Biblioteca de la Facultad de Ingeniería Civil Consulta 23/11/2023 2a ed. V:2 Ingeniería y Tecnología   TA151 M47 1984 BIC000000809 23/11/2023 1 1.00 Libro Donación
  Biblioteca del Cogreso de los Estados Unidos     Biblioteca de la Facultad de Ingeniería Civil Biblioteca de la Facultad de Ingeniería Civil Consulta 23/11/2023 2a ed. V:3 Ingeniería y Tecnología   TA151 M47 1984 BIC000000810 23/11/2023 1 1.00 Libro Donación
  Biblioteca del Cogreso de los Estados Unidos     Biblioteca de la Facultad de Ingeniería Civil Biblioteca de la Facultad de Ingeniería Civil Consulta 23/11/2023 2a ed. V:2 Ingeniería y Tecnología   TA151 M47 r1987 BIC000000811 23/11/2023 1 1.00 Libro Donación
  Biblioteca del Cogreso de los Estados Unidos     Biblioteca de la Facultad de Ingeniería Civil Biblioteca de la Facultad de Ingeniería Civil Consulta 23/11/2023 2a ed. V:3 Ingeniería y Tecnología   TA151 M47 r1987 BIC000000812 23/11/2023 1 1.00 Libro Donación
  Biblioteca del Cogreso de los Estados Unidos     Biblioteca de la Facultad de Ingeniería Civil Biblioteca de la Facultad de Ingeniería Civil Consulta 30/01/2024 2a ed. V:1 Ingeniería y Tecnología   TA151 M47 1984 BIC000000839 30/01/2024 2 1.00 Libro  
  Biblioteca del Cogreso de los Estados Unidos     Biblioteca de la Facultad de Ingeniería Civil Biblioteca de la Facultad de Ingeniería Civil General 16/08/2024 2a ed. V:2 Ingeniería y Tecnología   TA151 M47 r1986 BIC000001480 16/08/2024 1 1.00 Libro  
  Biblioteca del Cogreso de los Estados Unidos     Biblioteca de la Facultad de Ingeniería Civil Biblioteca de la Facultad de Ingeniería Civil Consulta 16/08/2024 2a ed. V:3 Ingeniería y Tecnología   TA151 M47 r1986 BIC000001481 16/08/2024 1 1.00 Libro